Riconosci il Pokémon - Quiz n°1013 - Statistics

Statistiche generali
  • Questo quiz è stato fatto 1 volte
  • Il punteggio medio è 5 su 10
Statistiche sulle risposte
Indizio Risposta % Corretto
Altezza 1,9 m; 2,0 m (Hisui)
100%
Tipo Fuoco; Fuoco / Roccia (Hisui)
100%
Abilità Giutiazia; Prepotenza (Normale; Hisui); Fuocardore (Normale; Hisui); Testadura (Hisui)
100%
Generazione Prima
100%
Stadio evoluzione Prima evoluzione
100%
Peso 155,0 kg; 168,0 kg (Hisui)
0%
Tasso di cattura 75 (17.5%)
0%
Sesso 75% ♂, 25% ♀
0%
Pokémon Arcanine
0%
Tasso di allevamento Lento
0%
Nessun quiz corrispondente trovato
Distribuzione punteggi
Percentuale di utenti per punteggio
Percentile per numero di risposta
I tuoi punteggi nel tempo
Non hai fatto questo quiz